Science Quiz

Random Science or Minefield Quiz

Animal Bunker II Quiz Stats

 Plays Quiz Updated May 10, 2018

Also try: Animal Bunker
Challenge
Share
Tweet
Embed
Score 0/15 Timer 05:00
5 Plays Today
Question Answer % Correct
????
100%
????
90.6%
????
68.6%
????
56.8%
????
50.6%
????
46%
????
39.5%
????
28.1%
Question Answer % Correct
????
19.9%
????
14.4%
????
12.3%
????
9.9%
????
8.2%
????
6.2%
????
2.5%

You're not logged in!

Compare scores with friends on all Sporcle quizzes.
Join for Free
OR
Log In

You Might Also Like...

Show Comments

Extras

Top Quizzes Today


Score Distribution

Your Account Isn't Verified!

In order to create a playlist on Sporcle, you need to verify the email address you used during registration. Go to your Sporcle Settings to finish the process.

Report this User

Report this user for behavior that violates our Community Guidelines.

Details: